Dopasuj miasto do państwa #6 - Statystyki

Ogólne statystyki
  • Ten quiz został rozwiązany 3 804 razy
  • Średni wynik to 12 z 27
Statystyki odpowiedzi
Miasto Państwo % Poprawnych
Kraków Polska
100%
Nikozja Cypr
90%
Xi'an Chiny
88%
Brugia Belgia
72%
Nazaret Izrael
71%
Casablanca Maroko
70%
Milwaukee Stany Zjednoczone
70%
Katmandu Nepal
65%
Norylsk Rosja
64%
Nuuk Dania
59%
Hoi An Wietnam
57%
Lucerna Szwajcaria
48%
Mogadiszu Somalia
46%
Rosario Argentyna
44%
Nagano Japonia
44%
Inverness Wielka Brytania
37%
Trois-Rivieres Kanada
22%
Batman Turcja
22%
Irbil Irak
20%
Timbuktu Mali
20%
Cabo San Lucas Meksyk
20%
Szardża Zjednoczone Emiraty Arabskie
20%
Quezon City Filipiny
19%
Papeete Francja
13%
Mandalaj Mjanma
13%
Rotorua Nowa Zelandia
10%
Kweta Pakistan
7%
Nie znaleziono quizów pasujących do podanych kryteriów
Rozkład punktacji
Procent ludzi z każdym wynikiem
Percentyl według liczby udzielonych odpowiedzi
Twoja historia wyników
Nie rozwiązałeś tego quizu